000 00395nam a22001217a 4500
082 _aTHE 200
100 _aFAROOQ AHMAD,
_972883
245 _aTH-SOF-0627-AERODYNAMIC MODELING OF ELLIPTICAL WING ORNITHOPTER USING QUASI STEADY APPROACH.PDF
260 _aNUST COLLEGE OF EME
_bISLAMABAD
_c2018
650 _a MS-MECH-56 MSTHESIS
_972767
700 _aDR MUHAMMAD AFZAAL MALIK
_918651
942 _cCF
999 _c578854
_d578854